| 000 | 00464nam a22001697a 4500 | ||
|---|---|---|---|
| 003 | BD-ChCU | ||
| 005 | 20260330091707.0 | ||
| 008 | 260330b bg ||||| |||| 00| 0 ben d | ||
| 040 | _cBD-ChCU | ||
| 082 | _a361.4 THD | ||
| 100 |
_aThelen , Herbert A. _920898 |
||
| 245 |
_aDynamics of Groups at work ./ _cHerbert A. Thelen . |
||
| 260 |
_aChicago : _bUniv. press , _cC 1968 |
||
| 300 | _aix, 374p. | ||
| 650 | 0 |
_aSocial Group work . _920899 |
|
| 942 |
_2ddc _cBK _n0 |
||
| 999 |
_c111907 _d111907 |
||